00450nam a2200133Ia 4500008004100000040001800041041000800059100002900067245010900096260005800205300001600263650001900279650001800298130821s ve gr spa  aCo-BoUCMbspa aspa1 aOliveros Sifontes, Dimas10aManual de criminalística Preservación y manejo de las evidencias físicascDimas Oliveros Sifontes aCaracas (Venezuela)bNonte Avilac[fecha desconocida] a[1 volumen]04aCriminología04aDerecho penal